[Event "10. HIT Open 2005 - B"]
[Site "Nova Gorica SLO"]
[Date "2005.01.29"]
[Round "3.2"]
[White "Skoberne, Renato"]
[Black "Picco, Ruggero"]
[Result "1/2-1/2"]
[WhiteElo "2083"]
[BlackElo "2022"]
[PlyCount "132"]
[EventDate "2005.01.28"]
[EventType "swiss"]
[EventRounds "9"]
[EventCountry "SLO"]
[Source "lmi"]
[SourceDate "2005.02.03"]

1. Nf3 Nf6 2. d4 d5 3. Bf4 e6 4. e3 c5 5. c3 cxd4 6. exd4 Nbd7 7. Bd3 Qb6 8.
Qb3 Nh5 9. Qxb6 Nxb6 10. Bc7 Nc4 11. Bxc4 dxc4 12. Nbd2 b5 13. a4 b4 14. Nxc4
Bb7 15. Nd6+ Bxd6 16. Bxd6 bxc3 17. bxc3 Kd7 18. Be5 Rac8 19. Kd2 Rc4 20. Ne1
Rhc8 21. Ra3 f6 22. Bg3 Ke7 23. f3 Nxg3 24. hxg3 h6 25. Nd3 a5 26. Rh5 Bd5 27.
Rh1 Rb8 28. Kc2 Kd6 29. Rb1 Rxb1 30. Kxb1 e5 31. dxe5+ fxe5 32. Nf2 Bc6 33. Kb2
Rxa4 34. Rb3 Bd5 35. Ra3 Rxa3 36. Kxa3 Bc6 37. c4 Kc5 38. Kb3 Kd4 39. Nd1 Kd3
40. Nf2+ Kd4 41. Nd1 h5 42. Nc3 g5 43. Nd1 e4 44. f4 g4 45. Nc3 e3 46. Ne2+ Kd3
47. Nc1+ Kd2 48. Kb2 e2 49. Nxe2 Kxe2 50. f5 Kd3 51. f6 Be8 52. c5 Ke3 53. c6
Bxc6 54. f7 Kf2 55. f8=Q+ Kxg3 56. Qd6+ Kxg2 57. Qxc6+ Kh3 58. Kc2 h4 59. Kd2
g3 60. Ke2 Kh2 61. Qf6 h3 62. Qf4 Kg2 63. Qf1+ Kh2 64. Qf4 Kg2 65. Qf1+ Kh2 66.
Qf4 Kg2 1/2-1/2

[Event "10. HIT Open 2005 - B"]
[Site "Nova Gorica SLO"]
[Date "2005.01.29"]
[Round "3.3"]
[White "Fantini, Marco"]
[Black "Padjen, Zdenko"]
[Result "1-0"]
[WhiteElo "1850"]
[BlackElo "2069"]
[PlyCount "40"]
[EventDate "2005.01.28"]
[EventType "swiss"]
[EventRounds "9"]
[EventCountry "SLO"]
[Source "lmi"]
[SourceDate "2005.02.03"]

1. d4 f5 2. e4 fxe4 3. Nc3 Nf6 4. Bg5 Nc6 5. d5 Ne5 6. Qd4 Nf7 7. Bxf6 exf6 8.
f3 exf3 9. Nxf3 Be7 10. Bd3 O-O 11. O-O-O c5 12. Qe4 g6 13. Rde1 Re8 14. d6
Nxd6 15. Qd5+ Kg7 16. h4 c4 17. Bxc4 Nxc4 18. Qxc4 d6 19. h5 f5 20. hxg6 hxg6
1-0

[Event "10. HIT Open 2005 - B"]
[Site "Nova Gorica SLO"]
[Date "2005.01.29"]
[Round "3.4"]
[White "Ursic, Mateja"]
[Black "Di Lazzaro, Gabriele"]
[Result "1/2-1/2"]
[WhiteElo "2048"]
[BlackElo "2012"]
[PlyCount "82"]
[EventDate "2005.01.28"]
[EventType "swiss"]
[EventRounds "9"]
[EventCountry "SLO"]
[Source "lmi"]
[SourceDate "2005.02.03"]

1. e4 d5 2. exd5 Nf6 3. Nc3 Nxd5 4. Bc4 e6 5. Nf3 Nxc3 6. bxc3 Bd6 7. O-O O-O
8. d4 h6 9. Qe2 Nd7 10. Bd3 Nf6 11. Ne5 c5 12. Bd2 Qc7 13. Rfe1 b6 14. h3 Bb7
15. Ng4 Be7 16. Nxf6+ Bxf6 17. Qg4 c4 18. Be4 Bxe4 19. Rxe4 Kh7 20. Qe2 Rfd8
21. Rb1 Rac8 22. Rg4 Qc6 23. Rb4 b5 24. Bf4 Rd5 25. Qe4+ Rf5 26. Bg3 Qxe4 27.
Rxe4 Rd5 28. Re1 Be7 29. Rb2 Ba3 30. Rbb1 a6 31. Re5 Rcd8 32. Kf1 Rxe5 33. Bxe5
Rd7 34. Ke2 f6 35. Bf4 Kg6 36. Bc1 Bxc1 37. Rxc1 Rd5 38. Ke3 Kf7 39. Ra1 f5 40.
a4 Kf6 41. axb5 axb5 1/2-1/2

[Event "10. HIT Open 2005 - B"]
[Site "Nova Gorica SLO"]
[Date "2005.01.29"]
[Round "3.5"]
[White "Budihna, Kristijan"]
[Black "Visintin, Roberto"]
[Result "1-0"]
[WhiteElo "2023"]
[BlackElo "1940"]
[PlyCount "103"]
[EventDate "2005.01.28"]
[EventType "swiss"]
[EventRounds "9"]
[EventCountry "SLO"]
[Source "lmi"]
[SourceDate "2005.02.03"]

1. e4 Nf6 2. e5 Nd5 3. d4 d6 4. c4 Nb6 5. exd6 exd6 6. Nc3 Be7 7. Be3 O-O 8.
Bd3 Nc6 9. a3 f5 10. Nge2 Bf6 11. Qc2 Re8 12. O-O g6 13. Rad1 Bg7 14. c5 dxc5
15. dxc5 Nd7 16. Bc4+ Kh8 17. Nf4 Qh4 18. g3 Qf6 19. Nfd5 Qd8 20. Nb5 Nce5 21.
Nbxc7 Nxc4 22. Qxc4 Ne5 23. Qc2 Be6 24. Nxe6 Rxe6 25. Nb6 Qe8 26. Nxa8 Qxa8 27.
f4 Ng4 28. Bf2 Qe8 29. Rfe1 h5 30. Rxe6 Qxe6 31. h3 Nf6 32. Bd4 h4 33. Qf2 hxg3
34. Qxg3 Nh5 35. Bxg7+ Kxg7 36. Qc3+ Kh7 37. Qe5 Qc6 38. Rd6 Qb5 39. Qe7+ Ng7
40. Rd7 Qxb2 41. Qe5 Qc1+ 42. Kg2 Qc2+ 43. Kg3 Qb3+ 44. Kh4 g5+ 45. Kxg5 Qg3+
46. Kf6 Qg6+ 47. Ke7 Kg8 48. Qf6 Qh5 49. Qg5 Qe8+ 50. Kd6 Qf8+ 51. Kd5 Kh8 52.
Qxg7+ 1-0

[Event "10. HIT Open 2005 - B"]
[Site "Nova Gorica SLO"]
[Date "2005.01.29"]
[Round "3.6"]
[White "Zorat, Paolo"]
[Black "Diotallevi, Maurizio"]
[Result "1/2-1/2"]
[WhiteElo "1900"]
[BlackElo "2083"]
[PlyCount "137"]
[EventDate "2005.01.28"]
[EventType "swiss"]
[EventRounds "9"]
[EventCountry "SLO"]
[Source "lmi"]
[SourceDate "2005.02.03"]

1. d4 d5 2. c4 e6 3. Nc3 Nf6 4. Bg5 Be7 5. e3 h6 6. Bh4 O-O 7. Nf3 Ne4 8. Bxe7
Qxe7 9. Qc2 Nxc3 10. Qxc3 c6 11. Bd3 Nd7 12. O-O Re8 13. cxd5 exd5 14. b4 Nf6
15. Nd2 Bd7 16. Rae1 Qd6 17. f3 Nh7 18. e4 Nf8 19. e5 Qc7 20. f4 a5 21. b5 Qb6
22. bxc6 Bxc6 23. Nf3 Rac8 24. Qd2 Bd7 25. f5 f6 26. Rb1 Qd8 27. Rxb7 Nh7 28.
Rfb1 Bc6 29. R7b6 a4 30. Ba6 Rc7 31. Qb4 Qe7 32. Qd6 Ba8 33. Rb8 Qxd6 34. Rxe8+
Qf8 35. Rxf8+ Nxf8 36. Rb8 Bc6 37. Rc8 Rxc8 38. Bxc8 Kf7 39. Kf2 Ke7 40. Ba6
Nd7 41. Ke3 Nb8 42. Be2 Bd7 43. Bd3 Nc6 44. a3 Na5 45. Kd2 Kd8 46. Kc3 Kc7 47.
Kb4 Kb6 48. Bc2 Nc6+ 49. Kc3 Ne7 50. g4 Ka5 51. Ne1 Bb5 52. Bd3 Be8 53. Ng2 Nc6
54. e6 Ne7 55. Nf4 Bc6 56. Nh5 Ng8 57. Nxg7 Bb7 58. h4 Bc6 59. Nh5 Be8 60. Nxf6
Nxf6 61. g5 hxg5 62. hxg5 Nh7 63. g6 Nf6 64. Kd2 Kb6 65. Ke3 Kc7 66. Kf4 Kd6
67. Kg5 Ng8 68. Be2 Ke7 69. Bh5 1/2-1/2

[Event "10. HIT Open 2005 - B"]
[Site "Nova Gorica SLO"]
[Date "2005.01.29"]
[Round "3.7"]
[White "Di-Donato, Giovanni"]
[Black "Bacic, Domagoj"]
[Result "1-0"]
[WhiteElo "2125"]
[BlackElo "1534"]
[PlyCount "41"]
[EventDate "2005.01.28"]
[EventType "swiss"]
[EventRounds "9"]
[EventCountry "SLO"]
[Source "lmi"]
[SourceDate "2005.02.03"]

1. e4 c5 2. c3 d5 3. exd5 Qxd5 4. d4 Nc6 5. Nf3 Bg4 6. Be2 e6 7. O-O Nf6 8. Be3
b6 9. dxc5 Bxc5 10. Qxd5 Nxd5 11. Bxc5 bxc5 12. Bb5 Bxf3 13. Bxc6+ Ke7 14. Bxa8
Bxg2 15. Kxg2 Rxa8 16. Nd2 Rb8 17. Nc4 h5 18. Rad1 g5 19. Rfe1 Rd8 20. Ne5 Kf6
21. Kf1 1-0

[Event "10. HIT Open 2005 - B"]
[Site "Nova Gorica SLO"]
[Date "2005.01.29"]
[Round "3.8"]
[White "Laco, Giuseppe"]
[Black "Kogoj, Boris"]
[Result "1-0"]
[WhiteElo "2104"]
[BlackElo "1849"]
[PlyCount "99"]
[EventDate "2005.01.28"]
[EventType "swiss"]
[EventRounds "9"]
[EventCountry "SLO"]
[Source "lmi"]
[SourceDate "2005.02.03"]

1. c4 e5 2. Nc3 Nc6 3. g3 Nf6 4. Bg2 Be7 5. Nd5 O-O 6. Nxe7+ Nxe7 7. e4 c6 8.
d4 d6 9. Ne2 a6 10. a4 Rb8 11. O-O Ng6 12. d5 c5 13. h3 Bd7 14. Kh2 b5 15. axb5
axb5 16. b3 Ra8 17. Rxa8 Qxa8 18. Bg5 Qd8 19. Qd2 b4 20. Ra1 Kh8 21. Ra7 Bc8
22. f3 Qb6 23. Qa2 Nd7 24. g4 f6 25. Be3 Nb8 26. Ra5 Bb7 27. Rb5 Qc7 28. Qa7
Rf7 29. Kg3 h6 30. Nc1 Kh7 31. Nd3 Nf4 32. Bxf4 exf4+ 33. Nxf4 g6 34. Ne6 Qc8
35. f4 Kg8 36. f5 Kh7 37. Rb6 h5 38. Nf8+ Qxf8 39. Rxb7 Rxb7 40. Qxb7+ Kh6 41.
fxg6 Kxg6 42. e5 fxe5 43. Be4+ Kf6 44. Qh7 hxg4 45. hxg4 Qg7 46. Qf5+ Ke7 47.
Qe6+ Kd8 48. Qxd6+ Nd7 49. Bf5 e4 50. Qxd7+ 1-0

[Event "10. HIT Open 2005 - B"]
[Site "Nova Gorica SLO"]
[Date "2005.01.29"]
[Round "3.9"]
[White "Stolfa, Rodolfo"]
[Black "Nardin, Flavij"]
[Result "1/2-1/2"]
[WhiteElo "1700"]
[BlackElo "2062"]
[PlyCount "75"]
[EventDate "2005.01.28"]
[EventType "swiss"]
[EventRounds "9"]
[EventCountry "SLO"]
[Source "lmi"]
[SourceDate "2005.02.03"]

1. d4 d5 2. c4 e6 3. Nf3 Nc6 4. Nc3 Nf6 5. Bg5 Be7 6. e3 O-O 7. Bd3 Nb4 8. O-O
Nxd3 9. Qxd3 c6 10. Rfe1 b6 11. Ne5 Qd6 12. a3 a5 13. Na4 c5 14. Qb3 Rb8 15. f3
b5 16. Nxc5 dxc4 17. Qc3 Qc7 18. Bxf6 gxf6 19. Ng4 f5 20. Nf2 f6 21. b4 cxb3
22. Qxb3 Bxc5 23. dxc5 Qxc5 24. Rac1 Qb6 25. Nh3 Kg7 26. Rcd1 e5 27. f4 Be6 28.
Qb2 e4 29. Rd4 h6 30. Nf2 Bc4 31. g4 Rfd8 32. Rxd8 Rxd8 33. gxf5 Qc6 34. Rc1
Qd5 35. Rd1 Bd3 36. Qc3 Qxf5 37. Qxa5 Rd7 38. Qc3 1/2-1/2

[Event "10. HIT Open 2005 - B"]
[Site "Nova Gorica SLO"]
[Date "2005.01.29"]
[Round "3.10"]
[White "Valic, Marjan"]
[Black "Plaskan, Jure"]
[Result "0-1"]
[WhiteElo "1565"]
[BlackElo "2031"]
[PlyCount "86"]
[EventDate "2005.01.28"]
[EventType "swiss"]
[EventRounds "9"]
[EventCountry "SLO"]
[Source "lmi"]
[SourceDate "2005.02.03"]

1. e4 c5 2. Bc4 e6 3. Nc3 Nc6 4. Nf3 d6 5. a3 Nf6 6. O-O Be7 7. d4 cxd4 8. Nxd4
O-O 9. b4 a6 10. Bb2 Qc7 11. Nxc6 bxc6 12. Bd3 Bb7 13. Re1 e5 14. Qf3 d5 15.
exd5 cxd5 16. Qg3 Bd6 17. Bf5 e4 18. Qh4 Be5 19. Re3 h6 20. Rg3 Bxg3 21. hxg3
Qe5 22. Qf4 Qxf4 23. gxf4 Bc8 24. Bxc8 Raxc8 25. Rc1 d4 26. Na4 Rfd8 27. Nc5
Nd5 28. Bxd4 Nxf4 29. Be3 Ne2+ 30. Kh2 Nxc1 31. Bxc1 Rd1 32. Be3 Ra1 33. a4 Ra2
34. c3 f5 35. Bd4 Kf7 36. a5 Rc6 37. Kg3 g5 38. Nd7 Ke7 39. Nc5 Kd6 40. Nb7+
Kd5 41. Nd8 Rxc3+ 42. Bxc3 Ra3 43. Kh2 Rxc3 0-1

[Event "10. HIT Open 2005 - B"]
[Site "Nova Gorica SLO"]
[Date "2005.01.29"]
[Round "3.11"]
[White "Milinkovic, Zdravko"]
[Black "Samuelli, Daniele"]
[Result "1-0"]
[WhiteElo "2016"]
[BlackElo "1700"]
[PlyCount "117"]
[EventDate "2005.01.28"]
[EventType "swiss"]
[EventRounds "9"]
[EventCountry "SLO"]
[Source "lmi"]
[SourceDate "2005.02.03"]

1. d4 f5 2. g3 Nf6 3. Bg2 d5 4. Nf3 e6 5. O-O Bd6 6. c4 c6 7. c5 Bc7 8. Nc3 b6
9. b4 a5 10. b5 O-O 11. Bg5 bxc5 12. dxc5 cxb5 13. Nxb5 Na6 14. Rc1 Qe8 15.
Bxf6 Qxb5 16. Ba1 Nb4 17. Nd4 Qe8 18. a3 Nc6 19. Nb5 Bd8 20. Nd6 Qd7 21. Qd2
Bf6 22. Bxf6 Rxf6 23. Rfd1 Rf8 24. Rb1 Rb8 25. Rxb8 Nxb8 26. Qxa5 Ba6 27. e3
Be2 28. Rd2 Nc6 29. Qc3 Bh5 30. Rb2 Nd8 31. Rb8 Qa4 32. h3 Qd1+ 33. Kh2 Bf3 34.
Nb7 Qe2 35. Bxf3 Qxf3 36. Kg1 d4 37. Qb3 dxe3 38. Qxe3 Qxe3 39. fxe3 Nc6 40.
Rxf8+ Kxf8 41. a4 Ke7 42. Kf2 Kd7 43. Nd6 Na5 44. Nf7 Kc6 45. Ng5 Kxc5 46.
Nxe6+ Kb4 47. Nxg7 Kxa4 48. Nxf5 Kb4 49. Kf3 Kc4 50. e4 Nc6 51. Kf4 Kc5 52. Kg5
Kc4 53. Kf6 h5 54. g4 h4 55. g5 Kd3 56. g6 Kxe4 57. g7 Ne5 58. g8=Q Kf4 59. Qb8
1-0

[Event "10. HIT Open 2005 - B"]
[Site "Nova Gorica SLO"]
[Date "2005.01.29"]
[Round "3.12"]
[White "Petrovic, Marko"]
[Black "Winkler, Silvo"]
[Result "1-0"]
[WhiteElo "1927"]
[BlackElo "1783"]
[PlyCount "88"]
[EventDate "2005.01.28"]
[EventType "swiss"]
[EventRounds "9"]
[EventCountry "SLO"]
[Source "lmi"]
[SourceDate "2005.02.03"]

1. Nf3 Nf6 2. c4 c6 3. Nc3 d5 4. e3 Bg4 5. Qa4 e6 6. Ne5 Bh5 7. d4 dxc4 8. Bxc4
Qb6 9. O-O Bd6 10. f4 O-O 11. Qc2 c5 12. d5 Bxe5 13. fxe5 Bg6 14. e4 Nfd7 15.
Bf4 Re8 16. Rad1 a6 17. Qe2 Qa5 18. a4 Nb6 19. Bb3 Qb4 20. Ba2 Nxa4 21. dxe6
fxe6 22. Qg4 Nxc3 23. Bxe6+ Kh8 24. bxc3 Qxe4 25. Rde1 Qc6 26. Bb3 c4 27. Bd1
Qe6 28. Qg3 Nc6 29. Bg4 Bf5 30. Bh5 Rad8 31. Bxe8 Qxe8 32. Bg5 Rd3 33. Qf4 Be6
34. Qf8+ Qxf8 35. Rxf8+ Bg8 36. e6 h6 37. Bh4 g5 38. Bg3 Kg7 39. Rff1 Ne7 40.
Be5+ Kg6 41. Rf6+ Kh7 42. Bd4 b5 43. g4 b4 44. Ref1 Nd5 1-0

[Event "10. HIT Open 2005 - B"]
[Site "Nova Gorica SLO"]
[Date "2005.01.29"]
[Round "3.13"]
[White "Furlan, Albin"]
[Black "Valic, Jakob"]
[Result "1/2-1/2"]
[WhiteElo "2083"]
[BlackElo "1507"]
[PlyCount "66"]
[EventDate "2005.01.28"]
[EventType "swiss"]
[EventRounds "9"]
[EventCountry "SLO"]
[Source "lmi"]
[SourceDate "2005.02.03"]

1. d4 d5 2. Nf3 Nf6 3. e3 Bg4 4. Be2 e6 5. Nbd2 Be7 6. O-O O-O 7. b3 Nbd7 8.
Bb2 Rc8 9. c4 c5 10. h3 Bh5 11. Ne5 Bxe2 12. Qxe2 h6 13. Nxd7 Qxd7 14. dxc5
dxc4 15. Nxc4 Rxc5 16. a4 b5 17. axb5 Rxb5 18. Bd4 Bc5 19. Bxf6 gxf6 20. Qg4+
Kh7 21. Ra5 Rxa5 22. Nxa5 Qc7 23. Qa4 Rg8 24. Rc1 Qc8 25. Qc6 Qxc6 26. Nxc6 Bb6
27. Rc4 f5 28. Kf1 Kg7 29. Ra4 Rc8 30. Nxa7 Rc2 31. Nb5 Rb2 32. Nd4 Bxd4 33.
Rxd4 Rxb3 1/2-1/2

[Event "10. HIT Open 2005 - B"]
[Site "Nova Gorica SLO"]
[Date "2005.01.29"]
[Round "3.14"]
[White "Jug, Tina"]
[Black "Punteri, Marco"]
[Result "0-1"]
[WhiteElo "1507"]
[BlackElo "2051"]
[PlyCount "110"]
[EventDate "2005.01.28"]
[EventType "swiss"]
[EventRounds "9"]
[EventCountry "SLO"]
[Source "lmi"]
[SourceDate "2005.02.03"]

1. e4 c5 2. Nf3 g6 3. Bc4 Bg7 4. d4 cxd4 5. Nxd4 Nc6 6. Nf3 Nf6 7. Nc3 O-O 8.
O-O d6 9. h3 a6 10. Re1 b5 11. Bb3 Bb7 12. a4 Na5 13. Bd5 Nxd5 14. Nxd5 Nc4 15.
c3 Rc8 16. Nd4 bxa4 17. Rxa4 e6 18. Nb4 Qh4 19. Qd3 a5 20. Nbc2 d5 21. exd5
Bxd5 22. Ne3 Nxe3 23. Bxe3 Rb8 24. Qc2 Qd8 25. Rea1 e5 26. Rxa5 exd4 27. Bxd4
Bxd4 28. cxd4 Be6 29. Qc3 Qb6 30. d5 Bf5 31. R5a2 Rfc8 32. Qd2 Rc2 33. Qf4 Rxb2
34. Ra6 Qb5 35. R6a5 Qb4 36. Qc7 Qd2 37. Qg3 R2b3 38. Qe5 Rb2 39. Qg3 h5 40.
Ra8 Qb4 41. Qe5 Qf8 42. R8a7 Qc5 43. Qf4 Qxd5 44. Qc7 Be6 45. Qg3 Rc8 46. R7a5
Rb5 47. Ra7 Rbc5 48. R1a3 Qe5 49. Qxe5 Rxe5 50. Rg3 Re1+ 51. Kh2 Rc2 52. Rd3 h4
53. g3 Bf5 54. Rd8+ Kg7 55. Rd4 Rxf2# 0-1

[Event "10. HIT Open 2005 - B"]
[Site "Nova Gorica SLO"]
[Date "2005.01.29"]
[Round "3.15"]
[White "Antoniacci, Riccardo"]
[Black "Bizjak, Nejc"]
[Result "1-0"]
[WhiteElo "2000"]
[BlackElo "1500"]
[PlyCount "91"]
[EventDate "2005.01.28"]
[EventType "swiss"]
[EventRounds "9"]
[EventCountry "SLO"]
[Source "lmi"]
[SourceDate "2005.02.03"]

1. e4 e5 2. Nf3 Nc6 3. d4 exd4 4. Bc4 Be7 5. Nxd4 Nf6 6. Nc3 O-O 7. a3 h6 8. f3
Bc5 9. Be3 Bxd4 10. Bxd4 Nxd4 11. Qxd4 d6 12. g4 Be6 13. O-O-O a6 14. h4 Nd7
15. Be2 Qf6 16. Qe3 Nb6 17. g5 hxg5 18. hxg5 Qe7 19. f4 c5 20. Qg3 g6 21. Qh4
f6 22. Rxd6 fxg5 23. Rxe6 gxh4 24. Rxe7 Rxf4 25. Rxb7 Nc8 26. Bc4+ Kh8 27. Bd5
g5 28. Kd2 Rf3 29. Ke2 Rf4 30. Ke3 Rf6 31. e5 Rf5 32. e6 a5 33. Rf7 Re5+ 34.
Kd3 Rb8 35. Rf8+ Kg7 36. Rhf1 Nd6 37. Rxb8 h3 38. Rff8 Kg6 39. Bf3 Rxe6 40. Rh8
c4+ 41. Kd2 Kf5 42. Rbf8+ Ke5 43. Rxh3 Nf5 44. Bd5 Rd6 45. Re8+ Kf4 46. Re4#
1-0

[Event "10. HIT Open 2005 - B"]
[Site "Nova Gorica SLO"]
[Date "2005.01.29"]
[Round "3.16"]
[White "Skrinjar, Matic"]
[Black "Belardinelli, Franco"]
[Result "0-1"]
[WhiteElo "1527"]
[BlackElo "2000"]
[PlyCount "100"]
[EventDate "2005.01.28"]
[EventType "swiss"]
[EventRounds "9"]
[EventCountry "SLO"]
[Source "lmi"]
[SourceDate "2005.02.03"]

1. e4 e6 2. d4 d5 3. exd5 exd5 4. Nf3 Nf6 5. Nc3 Bb4 6. Bd2 O-O 7. Be2 Nc6 8.
O-O a6 9. a3 Bd6 10. Bg5 Be6 11. Re1 h6 12. Bh4 g5 13. Bg3 Bxg3 14. fxg3 Qd6
15. Qd2 Bf5 16. Bd3 Bxd3 17. Qxd3 Rae8 18. Rf1 Ne4 19. Rae1 f5 20. Nd2 Kg7 21.
Nb3 Nd8 22. Nxe4 fxe4 23. Qe3 b6 24. Qc3 Ne6 25. Rf2 Rxf2 26. Kxf2 Rf8+ 27. Kg1
Kg6 28. Rf1 Rxf1+ 29. Kxf1 Qf8+ 30. Kg1 Qf6 31. Qe3 c6 32. c3 Ng7 33. g4 Ne8
34. g3 Nd6 35. Nd2 a5 36. b3 Qf8 37. a4 Qc8 38. h3 c5 39. dxc5 Qxc5 40. Qxc5
bxc5 41. Kf2 Kf6 42. Ke3 Ke5 43. h4 d4+ 44. cxd4+ cxd4+ 45. Ke2 Kd5 46. hxg5
hxg5 47. Kd1 d3 48. Nf1 Kd4 49. Kd2 e3+ 50. Nxe3 Ne4+ 0-1

[Event "10. HIT Open 2005 - B"]
[Site "Nova Gorica SLO"]
[Date "2005.01.29"]
[Round "3.17"]
[White "Grosar, Gari"]
[Black "Ursic, Aleksander"]
[Result "0-1"]
[WhiteElo "1500"]
[BlackElo "1948"]
[PlyCount "111"]
[EventDate "2005.01.28"]
[EventType "swiss"]
[EventRounds "9"]
[EventCountry "SLO"]
[Source "lmi"]
[SourceDate "2005.02.03"]

1. e4 c5 2. Nf3 d6 3. Nc3 Nc6 4. Bb5 Bd7 5. O-O g6 6. d3 Bg7 7. Be3 Nf6 8. Qd2
Ng4 9. h3 Nxe3 10. fxe3 O-O 11. Rf2 a6 12. Bxc6 Bxc6 13. Raf1 e6 14. d4 b5 15.
d5 Bxc3 16. bxc3 exd5 17. exd5 Bd7 18. e4 Qf6 19. Ng5 Qe5 20. Rxf7 Rxf7 21.
Rxf7 h6 22. Nf3 Qe8 23. Rf6 Qxe4 24. Qxh6 Bf5 25. Rxd6 a5 26. Rc6 Qxd5 27. Ng5
Ra7 28. Rf6 Rg7 29. Nh7 Rf7 30. Rxf7 Qxf7 31. Ng5 Qe7 32. h4 Bxc2 33. g4 c4 34.
h5 Qg7 35. Qxg7+ Kxg7 36. Ne6+ Kh6 37. Nd4 Ba4 38. hxg6 Kxg6 39. Nc6 Kg5 40.
Kf2 b4 41. cxb4 Bxc6 42. bxa5 Bb5 43. Ke1 Kxg4 44. Kd2 Kf4 45. Kc3 Ke3 46. a4
Ba6 47. Kc2 Kd4 48. Kd2 c3+ 49. Kc1 Kd3 50. Kd1 c2+ 51. Kc1 Bc8 52. a6 Bxa6 53.
a5 Bb5 54. a6 Bxa6 55. Kb2 Kd2 56. Kb3 0-1

[Event "10. HIT Open 2005 - B"]
[Site "Nova Gorica SLO"]
[Date "2005.01.29"]
[Round "3.18"]
[White "Bucer, Savin"]
[Black "Mircoli, Filippo"]
[Result "1-0"]
[WhiteElo "1500"]
[BlackElo "1928"]
[PlyCount "40"]
[EventDate "2005.01.28"]
[EventType "swiss"]
[EventRounds "9"]
[EventCountry "SLO"]
[Source "lmi"]
[SourceDate "2005.02.03"]

1. e4 e5 2. Nf3 Nc6 3. Bb5 a6 4. Ba4 Nf6 5. O-O b5 6. Bb3 d6 7. c3 Nxe4 8. Bd5
Bb7 9. Bxe4 Be7 10. Bd5 Qd7 11. d4 O-O-O 12. b3 f5 13. dxe5 dxe5 14. c4 Kb8 15.
Nc3 b4 16. Na4 Na5 17. Nxe5 Qd6 18. Nf7 Qf6 19. Bb2 Qg6 20. Nxd8 Bxd8 1-0

[Event "10. HIT Open 2005 - B"]
[Site "Nova Gorica SLO"]
[Date "2005.01.29"]
[Round "3.19"]
[White "Pagnutti, Lorenzo"]
[Black "Peranovic, Zdravko"]
[Result "1-0"]
[WhiteElo "2060"]
[BlackElo "1500"]
[PlyCount "111"]
[EventDate "2005.01.28"]
[EventType "swiss"]
[EventRounds "9"]
[EventCountry "SLO"]
[Source "lmi"]
[SourceDate "2005.02.03"]

1. e4 e5 2. Nf3 d6 3. d4 exd4 4. Nxd4 Be7 5. Nc3 c5 6. Nf3 Bg4 7. Be2 Nf6 8.
O-O Nbd7 9. Bf4 Qb6 10. Qd2 O-O 11. Rfd1 Rad8 12. Rab1 a6 13. a3 Qc6 14. Nd5
Nxd5 15. exd5 Qb6 16. b4 Qc7 17. c4 Ra8 18. Re1 Bf6 19. Qd3 g6 20. Qb3 Rab8 21.
h3 Bxf3 22. Qxf3 Ne5 23. Qb3 b5 24. cxb5 axb5 25. bxc5 Qxc5 26. Rec1 Qd4 27.
Be3 Qe4 28. Bxb5 Rb7 29. a4 Rfb8 30. Qa3 Be7 31. Qb3 Qf5 32. Qd1 g5 33. Rb3 g4
34. hxg4 Nxg4 35. Bd4 Bh4 36. Rf3 Qh5 37. Rh3 Bxf2+ 38. Bxf2 Qg5 39. Rf3 f5 40.
Bg3 Rg7 41. Bf4 Qg6 42. Qe2 Ne5 43. Rg3 Qf6 44. Rxg7+ Qxg7 45. Re1 Ng4 46. Qe6+
Kh8 47. Qe8+ Qg8 48. Bxd6 Rd8 49. Qxd8 Qxd8 50. Re8+ Qxe8 51. Bxe8 Ne3 52. Bf7
Kg7 53. Be6 Nc4 54. Bc5 Kf6 55. Bd4+ Kg5 56. Bc3 1-0

[Event "10. HIT Open 2005 - B"]
[Site "Nova Gorica SLO"]
[Date "2005.01.29"]
[Round "3.20"]
[White "Bembich, Corrado"]
[Black "Leban, Matej"]
[Result "0-1"]
[WhiteElo "2000"]
[BlackElo "1603"]
[PlyCount "66"]
[EventDate "2005.01.28"]
[EventType "swiss"]
[EventRounds "9"]
[EventCountry "SLO"]
[Source "lmi"]
[SourceDate "2005.02.03"]

1. d4 Nf6 2. c4 g6 3. Nf3 Bg7 4. Nc3 d5 5. cxd5 Nxd5 6. e4 Nxc3 7. bxc3 c5 8.
Rb1 O-O 9. Bc4 cxd4 10. cxd4 Nc6 11. Be3 Qa5+ 12. Bd2 Qc7 13. Rc1 Kh8 14. Ng5
e6 15. Qf3 Nxd4 16. Qh3 h6 17. O-O e5 18. Qh4 Qe7 19. Kh1 Be6 20. Nxe6 Qxh4 21.
Nxf8 Rxf8 22. Bd5 Qe7 23. Rb1 Rb8 24. Rb2 b5 25. Rfb1 Rc8 26. Be3 a6 27. Rd2
Qd7 28. f4 Rc2 29. Rxc2 Nxc2 30. Bd2 f5 31. fxe5 fxe4 32. Rc1 Qxd5 33. Rxc2 e3
0-1

[Event "10. HIT Open 2005 - B"]
[Site "Nova Gorica SLO"]
[Date "2005.01.29"]
[Round "3.21"]
[White "Vetrih, Joze"]
[Black "Lapornik, Robert"]
[Result "1-0"]
[WhiteElo "1805"]
[BlackElo "2000"]
[PlyCount "115"]
[EventDate "2005.01.28"]
[EventType "swiss"]
[EventRounds "9"]
[EventCountry "SLO"]
[Source "lmi"]
[SourceDate "2005.02.03"]

1. e4 Nf6 2. e5 Nd5 3. d4 d6 4. c4 Nb6 5. a4 Bf5 6. a5 N6d7 7. Qf3 Nc6 8. Qxf5
Nxd4 9. Qe4 Nc6 10. e6 Nf6 11. exf7+ Kxf7 12. Qf3 h6 13. Nc3 e6 14. Be3 Nb4 15.
Ra4 Nc2+ 16. Kd1 Nxe3+ 17. fxe3 c6 18. e4 Be7 19. Be2 Qc7 20. Qf4 b6 21. Nf3 e5
22. axb6 axb6 23. Qe3 Rxa4 24. Nxa4 Ra8 25. Qb3 Kf8 26. Rf1 Ke8 27. Qxb6 Qxb6
28. Nxb6 Rb8 29. Na4 Rb4 30. Nc3 Rxb2 31. Kc1 Rb4 32. h3 g5 33. Nd2 Rb8 34. Kc2
Kd7 35. Ra1 Rb7 36. Ra8 Bd8 37. Nb3 h5 38. c5 d5 39. exd5 Nxd5 40. Nxd5 cxd5
41. Bxh5 Rc7 42. Ra6 Be7 43. Bg4+ Ke8 44. Re6 e4 45. Re5 Kf7 46. Rxd5 Kf6 47.
Kd2 Rb7 48. Kc3 Kg6 49. Bf5+ Kh6 50. Bxe4 Ra7 51. c6 Bf6+ 52. Kd3 Ra3 53. Rb5
Bd8 54. Rb7 g4 55. h4 Bxh4 56. c7 Bf6 57. c8=Q Ra2 58. Qxg4 1-0

[Event "10. HIT Open 2005 - B"]
[Site "Nova Gorica SLO"]
[Date "2005.01.29"]
[Round "3.23"]
[White "Bonoli, Luciano"]
[Black "Portelli, Severino"]
[Result "1-0"]
[WhiteElo "1725"]
[BlackElo "1903"]
[PlyCount "47"]
[EventDate "2005.01.28"]
[EventType "swiss"]
[EventRounds "9"]
[EventCountry "SLO"]
[Source "lmi"]
[SourceDate "2005.02.03"]

1. c4 c5 2. g3 g6 3. Bg2 Bg7 4. Nc3 Nc6 5. Nf3 Nf6 6. O-O O-O 7. Rb1 d6 8. d3
a6 9. Bg5 h6 10. Bd2 Kh7 11. a3 Rb8 12. b4 e5 13. bxc5 dxc5 14. Ng5+ hxg5 15.
Bxc6 bxc6 16. Rxb8 Qc7 17. Qb1 Bh3 18. Rb7 Qd6 19. Rd1 Bc8 20. Rb3 Qe6 21. Bxg5
Ng4 22. Kg2 Qf5 23. Ne4 Nxh2 24. Rh1 1-0

[Event "10. HIT Open 2005 - B"]
[Site "Nova Gorica SLO"]
[Date "2005.01.29"]
[Round "3.24"]
[White "Pulec, Lea"]
[Black "Zivkovic, Jan"]
[Result "1/2-1/2"]
[WhiteElo "1554"]
[BlackElo "1850"]
[PlyCount "92"]
[EventDate "2005.01.28"]
[EventType "swiss"]
[EventRounds "9"]
[EventCountry "SLO"]
[Source "lmi"]
[SourceDate "2005.02.03"]

1. c4 Nf6 2. Nc3 e5 3. e4 Bc5 4. Nf3 d6 5. d3 h6 6. Be2 O-O 7. O-O c6 8. Be3
Qb6 9. Na4 Qc7 10. Nxc5 dxc5 11. Bxc5 Rd8 12. Qc2 b6 13. Bb4 c5 14. Bc3 Nc6 15.
a3 a5 16. Rfb1 Bg4 17. Nh4 Qd6 18. Rd1 g6 19. Bxg4 Nxg4 20. Qe2 h5 21. h3 Nf6
22. Qf3 Rd7 23. Qg3 Kh7 24. Nf3 Re8 25. Qg5 Ng8 26. Qg3 Qf6 27. Ng5+ Kg7 28.
Re1 Qd6 29. Rad1 f6 30. Nf3 Qe6 31. Nh4 Nge7 32. Rf1 Nd4 33. Bxd4 Rxd4 34. f4
exf4 35. Rxf4 Red8 36. Nf5+ Nxf5 37. exf5 Qf7 38. fxg6 Qc7 39. Rf3 Qxg3 40.
Rxg3 h4 41. Re3 Kxg6 42. Kf2 Kg5 43. Ke2 R8d6 44. Re8 Kf4 45. Re3 f5 46. Rf1+
Kg5 1/2-1/2